000 00720nam a2200241 a 4500
008
020 _a1878975536 (pbk.)
049 _aMAIN
090 _aHG4026
_bCOR
245 0 4 _aThe Corporate finance reader /
_cedited by Robert W. Kolb.
250 _a2nd ed.
260 _aCambridge, Mass. :
_bBlackwell,
_c1995.
300 _aviii, 446 p. :
_bill. ;
_c28 cm.
504 _aIncludes bibliographical references.
650 0 _aFinancial institutions
_zUnited States.
650 0 _aFinance
_zUnited States.
700 1 _aKolb, Robert W.
907 _a.b10059052
_b27-08-12
_c17-04-03
003
005 20230123133455.0
040 _cNUST
942 _cBOOKS
_kHG4026
_mCOR
999 _c149196
_d149196